Οχτώ δοκίμια του Montaigne

Αποθηκεύτηκε σε:
Λεπτομέρειες βιβλιογραφικής εγγραφής
Άλλοι συγγραφείς: Παράσχος, Κλέων, 1894-1964 (Συγγραφέας εισαγωγής κ.λπ.)
Μορφή: Βιβλίο
Γλώσσα:Greek
Δημοσίευση: Αθήνα : Institut Francais D' Athenes, 1957
Σειρά:Εκδόσεις του Γαλλικού Ινστιτούτου Αθηνών ; ; 28
Θέματα:
Ετικέτες: Προσθήκη ετικέτας
Δεν υπάρχουν, Καταχωρήστε ετικέτα πρώτοι!

MARC

LEADER 00000nam a2200000 i 4500
001 1/80679
008 960828s1957 gre d
035 |a 1995  |b 1  |c Χριστοδουλίδου  |l 10033506 
040 |a GR-MY-UA  |b gre  |e aacr 
041 0 |a gre 
082 0 |a 844 
245 1 0 |a Οχτώ δοκίμια του Montaigne /  |c γαλλικό κείμενο με πρόλογο μετάφραση και σημειώσεις του Κλέωνος Παράσχου 
260 |a Αθήνα :   |b Institut Francais D' Athenes,   |c 1957 
300 |a 265 σ. 
490 1 |a Εκδόσεις του Γαλλικού Ινστιτούτου Αθηνών  |v ; 28 
600 1 0 |a Montaigne Michel de  |d 1533-1592. 
650 0 0 |a French essays. 
700 1 |4 aui  |a Παράσχος, Κλέων,  |d 1894-1964. 
830 0 |a Εκδόσεις του Γαλλικού Ινστιτούτου Αθηνών ;  |v ; 28 
852 |a INST  |b RHODES  |e 19960828  |h 844 ΟΧΤ  |p 005400007176  |q 005400007176  |t BK  |y 0 
909 |a Ρ  |b 040453  |c 1995 
970 |z 2000/06/ΚΑΤΕΡΙΝΑ 
970 |z 2000/06/ΚΑΤΕΡΙΝΑ